000 00337nam a2200133Ia 4500
005 20260328101447.0
008 260328s9999||||xx |||||||||||||| ||und||
100 _aArgan, Giulio Carlo
245 0 _aWalter Gropius y el Bauhaus /
_cGiulio Carlo Argan
260 _bNueva Visión
300 _a178 p.
650 _aARQUITECTOS
942 _cBK
999 _c8495
_d8495